000
00207 a2200097 4500
001
52575
100
_a
Smith Wilbur
245
_a
ANGELS WEEP
260
_a
Karachi
_b
PAN BOOKS
_c
1982
090
_c
33062
_d
33062
942
_a
NUST-CAE
_c
M
_c
25628
999
_c
287648
_d
287648